000
00322nam a2200133Ia 4500
008
100328s9999 xx 000 0 und d
082
_b
860
100
_a
Galsworthy John
245
_a
End Of The Chapter
260
_b
William Heinemann
630
_a
End Of The Chapter
730
_a
End Of The Chapter
942
_c
BOOK
999
_c
497169
_d
497166